000 00461nam a2200145Ia 4500
008 100204s9999 xx 000 0 und d
082 _b9992
100 _aभडभडे सुमन
245 _aविवाह वेदिवर
260 _b"उदयदीप प्रकाशन , मुंबई"
_c1987
300 _a216
630 _aविवाह वेदिवर
730 _aविवाह वेदिवर
942 _cBOOK
999 _c454428
_d454425